| 000 | 00425 a2200157 4500 | ||
|---|---|---|---|
| 999 |
_c41186 _d41186 |
||
| 003 | OSt | ||
| 005 | 20210705144838.0 | ||
| 008 | 210705b ||||| |||| 00| 0 eng d | ||
| 020 | _a9789384840396 | ||
| 040 | _coclc | ||
| 082 |
_a540 _bCAR/I |
||
| 245 | _a IIT - JAM - Chemistry | ||
| 260 |
_bCareer Endeavour , _aNew Delhi: _c2020 |
||
| 300 | _a363 pages | ||
| 942 |
_2ddc _cBK _h540 _iCAR/I _k540 _mCAR/I |
||